Information systems management practice (Record no. 171525)

000 -LEADER
fixed length control field 00434nam a2200145Ia 4500
008 - FIXED-LENGTH DATA ELEMENTS--GENERAL INFORMATION
fixed length control field 220217s9999||||xx |||||||||||||| ||und||
020 ## - INTERNATIONAL STANDARD BOOK NUMBER
International Standard Book Number 81-7808-897-5
082 ## - DEWEY DECIMAL CLASSIFICATION NUMBER
Classification number 658.403 8 NUR
100 ## - MAIN ENTRY--PERSONAL NAME
Personal name Nurlin, Barbara, C. Mc Sprague, Ralph, H
9 (RLIN) 3375
245 #0 - TITLE STATEMENT
Title Information systems management practice
250 ## - EDITION STATEMENT
Edition statement 5th
260 ## - PUBLICATION, DISTRIBUTION, ETC.
Place of publication, distribution, etc. Pearson education
Name of publisher, distributor, etc. New Delhi
Date of publication, distribution, etc. 2003
300 ## - PHYSICAL DESCRIPTION
Other physical details 295
650 ## - SUBJECT ADDED ENTRY--TOPICAL TERM
Topical term or geographic name entry element MANAGEMENT INFORMATION SYSTEM
Holdings
Withdrawn status Lost status Damaged status Not for loan Collection code Home library Current library Shelving location Date acquired Full call number Barcode Date last seen Price effective from Koha item type
        Computer Science and Engineering Central Library Central Library Book Cart 02/18/2022 658.403 8 NUR 6714 02/18/2022 02/18/2022 Books

Powered by Koha